| 000 | 00729pam a2200241 a 4500 | ||
|---|---|---|---|
| 001 | 4927633 | ||
| 005 | 20260318163322.0 | ||
| 008 | 951129s1996 njua b 001 0 eng | ||
| 020 | _a0205152740 | ||
| 020 | _a9780205152742 | ||
| 050 | 0 | 0 |
_aHD31 _b.H542 1996 |
| 082 | 0 | 0 |
_a658.4 _220 |
| 100 | 1 | _aHodge, Billy J. | |
| 245 | 1 | 0 |
_aOrganization theory : _ba strategic approach / _cB.J. Hodge, William P. Anthony, Lawrence M. Gales. |
| 250 | _a5th ed. | ||
| 260 |
_aUpper Saddle River, N.J. : _bPrentice Hall, _cc1996. |
||
| 300 |
_axiii, 482 p. : _bill. ; _c25 cm. |
||
| 650 | 0 | _aOrganization. | |
| 650 | 0 | _aManagement. | |
| 700 | 1 | _aAnthony, William P. | |
| 700 | 1 |
_aGales, Lawrence M., _d1950- |
|
| 942 |
_2lcc _cBK _e5th ed. _n0 |
||
| 999 |
_c9103 _d9103 |
||